000 00713cab a2200241 4500
001 WB3409-15
008 090401t1998 xxu||||| |||| 00| 0 eng d
035 _a(Sirsi) u84673
041 _aeng
245 _aTourist face no-go zones
260 _c1998
350 _a0
490 _aSunday Telegraph
_v1 March 1998, 9(1)
520 _aThe travel industry and environmentalists are considering banning tourists from areas that have conservational interest.
650 _aCONSERVATION AREAS
650 _aENVIRONMENTAL PROTECTION
650 _aHISTORIC BUILDINGS
650 _aHISTORIC TOWNS
650 _aTOURISM
690 _aENVIRONMENTAL AND LAND CONSULTANCY
942 _n0
948 _c04/03/1998
999 _c53240
_d53240